000 01796nam a22001937a 4500
003 OSt
005 20220107122849.0
008 190617b xxu||||| |||| 00| 0 eng d
040 _cIIITMK
100 _aBoby Sabu (93617012)
_915780
245 _aCyber security for industrial systems
300 _aMSC CS 2017-2019
500 _aIndustrial System is an umbrella term that encompasses several types of systems including control systems and associated instrumentation used for industrial process control, for the production of various products. These play a vital role, directly and indirectly, in our day to day life. With the advent of digital technology, these systems are also getting a digital handle for operation control and monitoring. Lack of security of of the digital infrastructure can lead to serious impacts if misused by an attacker. It is necessary to safeguard these systems from digital threats by identifying and mitigating the vulnerabilities, which is to be executed in a pre release phase. In the smart industrial environment, all devices will be connected to the digital network. Any malicious device getting connected to the network can seriously impact the industry ecosystem. Hence we need a solution for securely adding new devices to the network. Vulnerability assesment and development of secure device identity management solution for the industrial environment are the core components of the project. Several commonly occuring vulnerabilities were identied, and mitigation steps were formulated. Certicate based device enrollment was implemented for device identity management.
502 _bMSC CS
_c2017-2019
_dINT
_eDr. Tony Thomas
650 _aDIGITAL NETWORK
_915781
650 _aDIGITAL THREATS
_915782
650 _aCYBER SECURITY
_915783
942 _2ddc
_cPR
999 _c6478
_d6478